| 000 | 00610nam 22001933 4500 | ||
|---|---|---|---|
| 001 | 197966 | ||
| 021 | _aPT | ||
| 090 | _a197966 | ||
| 100 | _a20250918d u||y0pory50 ba | ||
| 200 |
_aEstudos de história da arte da renascença _fA. Nogueira e Silva |
||
| 210 |
_aAveiro _cLivraria Estante Editora _d[19--?] |
||
| 215 |
_a311 p. _cil.; brochado _d23 cm |
||
| 225 |
_aPaisagem-Arte _fColecção dirigida pelo Prof. Doutor Pedro Dias _v4 |
||
| 606 |
_94600 _aArquitetura |
||
| 675 |
_a72(469) _vPT _zpor |
||
| 700 |
_913987 _aGonçalves _bA. Nogueira _f1901-1998 |
||
| 801 |
_aPT _bBMMN _gRPC |
||
| 830 |
_cAna _fAna |
||
| 990 | _cLIVROS | ||